000
00299nam a22001217a 4500
020
_a
9788126519439
082
_a
628
_b
DAN/EN
100
_a
Daniels, Ranjit R.J
245
_a
Environmental studies
260
_a
New Delhi
_b
Wiley India Pvt. Ltd.
_c
2010
700
_a
Krishnaswamy, Jagdish
942
_c
BK
999
_c
13922
_d
13922